000
00204nam a2200085Ia 4500
008
220204s9999 xx 000 0 und d
245
0
_a
KFRI Research Report 1985
260
_a
Peechi
_b
KFRI
_c
1985
942
_c
BK
999
_c
43624
_d
43624